Cuentos de Canterbury /

Guardado en:
Detalles Bibliográficos
Autor principal: Chaucer, Geoffrey (autor)
Otros autores: Luaces, Juan G. de (traducción) (traducción)
Formato: Libro
Idioma:Español
Publicado: Barcelona, España : Iberia, 1946, c1946
Colección:(Obras Maestras Iberia)
Temas:
Etiquetas: Agrega una etiqueta
Sin etiquetas, Sé el primero en etiquetar este registro!

MARC

LEADER 00000nam^a2200000^a^4500
001 000100720
005 20250521000000.0
009 20260310093214.502
037 |a Acervo ITESO - Biblioteca 
041 |a ESP 
082 |a 823.  |b CHA 
100 |a Chaucer, Geoffrey  |e (autor) 
240 1 4 |a [Los cuentos de Canterbury] 
245 1 0 |a Cuentos de Canterbury /  |c G. Chaucer ; pról. y tr. por J.G. de Luaces 
264 4 |a Barcelona, España :  |b Iberia,  |c 1946, c1946 
300 |a 2 v. 
336 |a texto  |b txt  |2 rdacontenido 
337 |a sin mediación  |b n  |2 rdamedio 
338 |a volumen  |b nc  |2 rdasoporte 
440 1 |a (Obras Maestras Iberia) 
500 |a Traducción de: The Canterbury Tales 
585 |a Exposición DIA 2023-02/03 / Eros en busca de sentido 
649 |a XX 
650 |a Cuentos Ingleses 
650 |a Prosa Poética Inglesa 
650 |a Literatura Inglesa -  |y Siglo XIV 
650 |a Literatura Inglesa -  |y Hasta 1700 
650 |a Literatura Medieval -  |z Inglaterra 
650 |a Literatura Erótica -  |z Inglaterra 
650 |a Peregrinaciones en la Literatura 
650 |a Canterbury, Inglaterra en la Literatura 
700 |a Luaces, Juan G. de  |e (traducción) 
910 |a Fondo Jesús Rodríguez 
920 |a Impresos - Libros 
930 |a Fondos Especiales 
940 |a Literatura 
905 |a 113 
901 |a 0500036678  |b IT2  |c ESP  |u 20250521 
901 |a 0500036677  |b IT2  |c ESP  |u 20250521 
902 |a https://opac.biblio.iteso.mx/vufind/Record/000100720